Sora sora sosyal demokrasi (Record no. 5838)

MARC details
000 -BAŞLIK
Sabit Uzunlukta Kontrol Alanı 00645na a2200241 4500
001 - KONTROL NUMARASI
Denetim Alanı 18887
003 - KONTROL NUMARASI IDENTIFIER
Denetim Alanı MIRAKIL
005 - SON İŞLEM TARİHİ VE ZAMANI
Denetim Alanı 20181213155048.0
008 - SABİT-BOY VERİ ELEMANLARI - GENEL BİLGİLER
Sabit Uzunlukta Kontrol Alanı 161204b tu 000 0
020 ## - ULUSLARARASI STANDART KİTAP NUMARASI
Uluslararası Standart Kitap Numarası 9789944115629
040 ## - KATALOGLAMA KAYNAK
Orijinal Kataloglama Ajansı Milas
Kataloglama Dili tur
Metne Dönüştürmek Ajansı TR-AnCHP
041 ## - DİL KODU
Metin / Ses Parça Veya Ayrı Başlığın Dil Kodu tur
082 ## - DEWEY ONLU SINIFLANDIRMA NUMARASI
Sınıflandırma Numarası 320.532
Ürün Numarası C45s 2009
090 ## - SINIFLAMA NUMARASI
Sınıflama Numarası 320.532 C45s 2009
100 ## - ANA GİRİŞ - KİŞİSEL İSİM
Kişisel Ad Cıngı, Aydın
245 ## - BAŞLIK TABLOSU
Başlık Sora sora sosyal demokrasi
Sorumluluk Tablosu, Vb Aydın Cıngı
260 ## - YAYIN, DAĞITIM, VB
Yayın, Dağıtım, Vb Yeri İstanbul
Yayıncı, Dağıtıcı, Vs Adı Kalkedon Yayınları
Yayın, Dağıtım, Vb Tarihi 2009
300 ## - FİZİKSEL TANIM
Kapsam 171 s.
Boyutlar 21 sm.
440 ## - SERİSİ TABLOSU / KATMA GİRİŞİ - BAŞLIK
Başlık Kalkedon Yayınları
Hacim / Ardışık Tanımı 74
490 ## - SERİSİ TABLOSU
Seri Beyanı Adonis Kitaplığı
Hacim / Ardışık Tanımı 14
650 ## - KONU KATMA GİRİŞ - TOPİKAL DÖNEM
Topikal Süreli Veya Coğrafi Ad Giriş Elemanı Sosyal demokrasi
942 ## - EKLENDİ GİRİŞ ELEMANLARI (KOHA)
Sınıflandırma Veya Raf Düzeni Kaynak Dewey Decimal Classification
Koha Öğesi Türü Books
999 ## - SİSTEM KONTROL NUMARALARI (KOHA)
Koha Biblionumber 5838
Koha Biblioitemnumber 5838
Holdings
Kalıcı Konum Mevcut Konum Edinme Tarihi Edinim Kaynak Toplam Check-Out'Lar Tam Çağrı Numarası Barkod Tarih Son Görülme İtibaren Geçerli Fiyatlar Koha Öğesi Türü
CHP Kütüphanesi CHP Kütüphanesi 12/04/2016 Bağış   320.532 C45s 2009 010130 12/04/2016 12/04/2016 Books